Super Mario 64 Enemies - Statistics

General Stats
  • This quiz has been taken 143 times
  • The average score is 23 of 61
Answer Stats
First appears in Answer % Correct
Bob-omb Battlefield Goomba
95%
Bob-omb Battlefield Koopa Troopa
88%
Bob-omb Battlefield Bob-omb
87%
Castle Grounds Boo
86%
Whomp's Fortress Whomp
78%
Whomp's Fortress Thwomp
74%
Jolly Roger Bay Unagi
74%
Tiny-Huge Island Piranha Flower
72%
Whomp's Fortress Piranha Plant
72%
Lethal Lava Land Bully
66%
Bob-omb Battlefield Chain Chomp
65%
Shifting Sand Land Fly Guy
56%
Tiny-Huge Island Lakitu
56%
Big Boo's Haunt Mr. I
52%
Shifting Sand Land Pokey
49%
Big Boo's Haunt Scuttle Bug
49%
Whomp's Fortress Bullet Bill
47%
Shifting Sand Land Klepto
45%
Lethal Lava Land Sparky
45%
Bowser in the Dark World Amp
43%
Wet-Dry World Chuckya
42%
Tiny-Huge Island Grand Goomba
42%
Wet-Dry World Skeeter
40%
Dire, Dire Docks Bub
39%
Hazy Maze Cave Monty Mole
39%
Shifting Sand Land Tox Box
35%
Wet-Dry World Heave-Ho
33%
Hazy Maze Cave Snufit
33%
Jolly Roger Bay Clam
32%
Tiny-Huge Island Spiny
32%
Tiny-Huge Island Goombette
31%
Dire, Dire Docks Manta
31%
Tiny-Huge Island Bubba
30%
Snowman's Land Money Bags
28%
Cool, Cool Mountain Spindrift
28%
Hazy Maze Cave Swoop
28%
Cool, Cool Mountain Mr. Blizzard
27%
Big Boo's Haunt Mad Piano
26%
Dire, Dire Docks Sushi
26%
Shifting Sand Land Grindel
24%
Hazy Maze Cave Boulder
23%
Big Boo's Haunt Bookend
22%
Shifting Sand Land Spindel
22%
Whomp's Fortress Turtle Cannon
22%
Castle Grounds Butterfly
19%
Big Boo's Haunt Chair
19%
Tall, Tall Mountain Fwoosh
19%
Whomp's Fortress Moving Bar
19%
Lethal Lava Land Fire Bar
18%
Bowser in the Dark World Flamethrower
17%
Bob-omb Battlefield Iron ball
17%
Castle Grounds Fireball
16%
Tiny-Huge Island Spiny Egg
13%
Bob-omb Battlefield Beach Koopa
12%
Shifting Sand Land Tornado
10%
Tiny-Huge Island Small Koopa Troopa
9%
Tiny-Huge Island Small Piranha
8%
Bob-omb Battlefield Water Bomb
8%
Hazy Maze Cave Keronpa Ball
7%
Bowser in the Dark World Floating Mine
4%
Jolly Roger Bay Slide Box
3%
No matching quizzes found
Score Distribution
Percent of People with Each Score
Percentile by Number Answered
Your Score History
You have not taken this quiz